Amendments to FRS 26 (IAS 39)financial instruments, recognition and measurement, and FRS 29 (IFRS 7) financial instruments, disclosures (Record no. 109786)
[ view plain ]
| 000 -LEADER | |
|---|---|
| fixed length control field | 01007cam a22002415a 4500 |
| 001 - CONTROL NUMBER | |
| control field | E147915 |
| 008 - FIXED-LENGTH DATA ELEMENTS--GENERAL INFORMATION | |
| fixed length control field | 090701s2008 xxk f 000 0 eng d |
| 020 ## - INTERNATIONAL STANDARD BOOK NUMBER | |
| International Standard Book Number | 9781847981196 |
| 035 ## - SYSTEM CONTROL NUMBER | |
| System control number | (Sirsi) u147915 |
| 041 0# - LANGUAGE CODE | |
| Language code of text/sound track or separate title | eng |
| 050 04 - LIBRARY OF CONGRESS CALL NUMBER | |
| Classification number | 657.3 $2 18 |
| 110 2# - MAIN ENTRY--CORPORATE NAME | |
| Corporate name or jurisdiction name as entry element | Accounting Standards Board |
| 9 (RLIN) | 3454 |
| 245 00 - TITLE STATEMENT | |
| Title | Amendments to FRS 26 (IAS 39)financial instruments, recognition and measurement, and FRS 29 (IFRS 7) financial instruments, disclosures |
| Remainder of title | reclassification of financial assets |
| 260 ## - PUBLICATION, DISTRIBUTION, ETC. | |
| Place of publication, distribution, etc. | Kingston |
| Name of publisher, distributor, etc. | ASB |
| Date of publication, distribution, etc. | 2008 |
| 300 ## - PHYSICAL DESCRIPTION | |
| Extent | 22p. |
| Dimensions | 21cm. |
| 490 #0 - SERIES STATEMENT | |
| Series statement | ASB Financial Reporting Standard |
| 520 ## - SUMMARY, ETC. | |
| Summary, etc. | Sets out amendments to FRS 26 (IAS 39) on the recognition and measurement of financial instruments, and FRS 29 (IFRS 7) on disclosures. The amendments allow the reclassification of certain financial assets. |
| 521 2# - TARGET AUDIENCE NOTE | |
| Target audience note | Expert |
| 590 ## - LOCAL NOTE (RLIN) | |
| Local note | KA |
| 651 #4 - SUBJECT ADDED ENTRY--GEOGRAPHIC NAME | |
| Geographic name | United Kingdom |
| Chronological subdivision | |
| 690 ## - LOCAL SUBJECT ADDED ENTRY--TOPICAL TERM (OCLC, RLIN) | |
| Topical term or geographic name as entry element | MANAGEMENT-BUSINESS MANAGEMENT-FINANCIAL MANAGEMENT-ACCOUNTING-FINANCIAL REPORTING |
| 942 ## - ADDED ENTRY ELEMENTS (KOHA) | |
| Suppress in OPAC | 0 |
| Withdrawn status | Lost status | Source of classification or shelving scheme | Damaged status | Not for loan | Home library | Current library | Shelving location | Date acquired | Total Checkouts | Full call number | Barcode | Date last seen | Copy number | Price effective from | Koha item type |
|---|---|---|---|---|---|---|---|---|---|---|---|---|---|---|---|
| Dewey Decimal Classification | London | London | Boxed set | 01/07/2009 | BOXED SET | 30074984 | 06/08/2019 | 1 | 06/08/2019 | Reference material |